[Event "12. OSIJEK OPEN"]
[Site "Osijek"]
[Date "2019.02.24"]
[Round "7.23"]
[White "Cupic, Tvrtko"]
[Black "Jurakic, Lukas"]
[Result "1-0"]
[WhiteElo "1714"]
[BlackElo "1850"]
[PlyCount "107"]
[EventDate "2019.02.21"]

1. e4 c5 2. Nf3 e6 3. d4 cxd4 4. Nxd4 Nf6 5. Nc3 d6 6. g3 a6 7. Bg2 Be7 8. O-O
O-O 9. Be3 Qc7 10. Kh1 Nc6 11. f4 Bd7 12. f5 Ne5 13. Qe2 Nc4 14. Bc1 b5 15. g4
b4 16. Nd1 e5 17. Nb3 Bb5 18. Qf3 d5 19. exd5 Rad8 20. g5 Nxd5 21. f6 gxf6 22.
gxf6 Bxf6 23. Bh6 Bg7 24. Qg3 f5 25. Nd4 Nf4 26. Nxb5 axb5 27. b3 Nd6 28. Ne3
Ng6 29. Nd5 Qa7 30. Be3 f4 31. Qxg6 fxe3 32. Qe6+ Kh8 33. Rxf8+ Rxf8 34. Qxd6
Qd4 35. Re1 e2 36. Qxb4 Rf1+ 37. Bxf1 exf1=Q+ 38. Rxf1 Qxd5+ 39. Kg1 h6 40. Re1
Kg8 41. Qe4 Qd2 42. a4 bxa4 43. bxa4 Bf8 44. c4 Bc5+ 45. Kh1 Qf2 46. Qg2+ Qxg2+
47. Kxg2 Bd4 48. Kf3 Kf7 49. Ke4 Ke6 50. Rf1 Kd6 51. Rf6+ Kc5 52. Rxh6 Kxc4 53.
Re6 Kb4 54. Rxe5 1-0

[Event "12. OSIJEK OPEN"]
[Site "Osijek"]
[Date "2019.02.24"]
[Round "7.24"]
[White "Vucenovic, Damian"]
[Black "Ascic, Matos"]
[Result "0-1"]
[WhiteElo "1842"]
[BlackElo "1703"]
[PlyCount "163"]
[EventDate "2019.02.21"]

1. e4 e6 2. d4 c5 3. c3 cxd4 4. cxd4 Nc6 5. Nf3 Bb4+ 6. Nc3 a6 7. Bd3 b5 8. O-O
Bb7 9. Re1 Nce7 10. a3 Bxc3 11. bxc3 Rc8 12. Bd2 Nf6 13. a4 Bc6 14. axb5 axb5
15. c4 bxc4 16. Ba5 Rc7 17. Bc2 Qc8 18. Bxc7 Qxc7 19. Ne5 O-O 20. Nxc6 Qxc6 21.
Qe2 Ng6 22. Ba4 Qc7 23. Rac1 d5 24. e5 Ne4 25. f3 Qa7 26. fxe4 Qxa4 27. Ra1 Qb4
28. Qe3 dxe4 29. Qxe4 Ne7 30. Rab1 Qd2 31. Re2 Qa5 32. Qb7 Nd5 33. Rc1 c3 34.
Qc6 Qb4 35. Qc5 Qxc5 36. dxc5 Rc8 37. Ra2 Kf8 38. Ra5 Ke7 39. Kf2 Kd7 40. Ke2
Rc7 41. Kd3 Rb7 42. g3 Kc6 43. h4 Rb2 44. Rc2 Nb4+ 45. Kxc3 Rxc2+ 46. Kxb4 Rb2+
47. Kc4 Rc2+ 48. Kd4 Rd2+ 49. Ke4 Rd7 50. g4 Rb7 51. Kf4 h6 52. h5 Kd5 53. Ke3
Rb3+ 54. Kf4 Rb4+ 55. Ke3 Kxe5 56. Ra7 Rb3+ 57. Kf2 Kf6 58. c6 Rc3 59. c7 Kg5
60. Ke2 Kxg4 61. Kd2 Rc6 62. Kd3 Kxh5 63. Kd4 Kg6 64. Ke5 f6+ 65. Kd4 h5 66.
Ke4 h4 67. Kf3 f5 68. Kf4 Kf6 69. Kf3 g5 70. Rb7 g4+ 71. Kg2 Rc2+ 72. Kg1 h3
73. Kh1 g3 74. c8=Q Rxc8 75. Rb1 f4 76. Re1 e5 77. Rd1 Kf5 78. Re1 f3 79. Ra1
g2+ 80. Kh2 f2 81. Ra2 g1=Q+ 82. Kxh3 0-1

[Event "12. OSIJEK OPEN"]
[Site "Osijek"]
[Date "2019.02.24"]
[Round "7.25"]
[White "Ivekovic, Zvjezdana"]
[Black "Oberman, Hotimir"]
[Result "1-0"]
[WhiteElo "1715"]
[BlackElo "1957"]
[PlyCount "81"]
[EventDate "2019.02.21"]

1. d4 Nf6 2. c4 e6 3. Nf3 b6 4. e3 Bb7 5. Bd3 Bb4+ 6. Bd2 Na6 7. a3 Bxd2+ 8.
Nbxd2 c5 9. O-O O-O 10. Rc1 Rc8 11. Bb1 d5 12. Qe2 Re8 13. Rfd1 Nc7 14. b4 dxc4
15. bxc5 b5 16. Ne5 Qd5 17. f3 Na6 18. Ne4 Qd8 19. Nd6 Bc6 20. Nexf7 Qa5 21.
Ng5 Bd7 22. Qc2 h6 23. Nh7 Nd5 24. Qg6 Re7 25. Ng5 Nf6 26. Nxc8 Bxc8 27. Ne4
Rf7 28. Nxf6+ Rxf6 29. Qe8+ Rf8 30. Bh7+ Kxh7 31. Qxf8 Bd7 32. Qd6 Qxa3 33.
Qxd7 Qxe3+ 34. Kh1 Nb4 35. Qxb5 Nd3 36. Qb1 Kg8 37. Rxd3 cxd3 38. Rd1 d2 39.
Qe4 Qf2 40. Qxe6+ Kh8 41. Qe4 1-0

[Event "12. OSIJEK OPEN"]
[Site "Osijek"]
[Date "2019.02.24"]
[Round "7.26"]
[White "Colev, Ivor"]
[Black "Dubrovic, Mihovil"]
[Result "0-1"]
[WhiteElo "1685"]
[BlackElo "1911"]
[PlyCount "110"]
[EventDate "2019.02.21"]

1. e4 e5 2. Nf3 Nc6 3. Bb5 Nge7 4. d4 exd4 5. Nxd4 g6 6. Nc3 Bg7 7. Be3 O-O 8.
Qd2 Re8 9. O-O-O a6 10. Bc4 Ne5 11. Bb3 b5 12. f3 c5 13. Nde2 c4 14. Qd6 cxb3
15. Bb6 Nc4 16. Bxd8 Nxd6 17. Bxe7 bxa2 18. Nxa2 Nxe4 19. fxe4 Rxe7 20. Ng3 Bb7
21. Nc3 Bxc3 22. bxc3 Rae8 23. Kb2 Bxe4 24. Nxe4 Rxe4 25. Rxd7 Re1 26. Rxe1
Rxe1 27. Rd2 h5 28. Kb3 Re4 29. g3 Kg7 30. Rd3 Kf6 31. Rf3+ Ke6 32. h3 g5 33.
Rd3 g4 34. h4 f5 35. Kb2 f4 36. gxf4 Rxf4 37. Re3+ Kd6 38. Kc1 Rf3 39. Re1 Rxc3
40. Kd2 Rh3 41. Rf1 Kc6 42. Rf6+ Kb7 43. Rf7+ Kb6 44. Rf6+ Ka5 45. Ke2 Rxh4 46.
Rf5 Rh2+ 47. Kd3 Rh3+ 48. Ke2 Kb4 49. Rf6 a5 50. Rf4+ Ka3 51. Rf5 Ka4 52. Rf4+
b4 53. Rf5 h4 54. Rg5 Rh2+ 55. Ke3 g3 0-1

[Event "12. OSIJEK OPEN"]
[Site "Osijek"]
[Date "2019.02.24"]
[Round "7.27"]
[White "Skocibusic, Ivo"]
[Black "Marjanovic, Alex"]
[Result "1-0"]
[WhiteElo "1907"]
[BlackElo "1538"]
[PlyCount "169"]
[EventDate "2019.02.21"]

1. d4 Nf6 2. c4 g6 3. Nc3 Bg7 4. e4 d6 5. Nf3 O-O 6. Be2 Nbd7 7. O-O e5 8. Ne1
Ne8 9. Be3 f5 10. f3 f4 11. Bf2 g5 12. Rc1 Qe7 13. b4 a5 14. a3 h5 15. Nd5 Qd8
16. c5 c6 17. Nc3 axb4 18. axb4 dxc5 19. bxc5 Qe7 20. d5 Ndf6 21. d6 Qf7 22.
Nd3 Nh7 23. Na4 Be6 24. Nb6 Rd8 25. Nb2 Nef6 26. N2c4 Nd7 27. Nxd7 Rxd7 28. Nb6
Rdd8 29. Bc4 g4 30. Qb3 Bxc4 31. Qxc4 gxf3 32. gxf3 Ng5 33. Bh4 Bf6 34. Bxg5
Bxg5 35. Kf2 Kh8 36. Qxf7 Rxf7 37. Rg1 Rg8 38. Kf1 Bd8 39. Rxg8+ Kxg8 40. Nc4
Bf6 41. Ra1 Kg7 42. Ra8 Rf8 43. Ra7 Rf7 44. Ra8 Rf8 45. Rxf8 Kxf8 46. Na5 Ke8
47. Nxb7 Kd7 48. Ke2 Kc8 49. Na5 Kd7 50. Kd3 Bh4 51. Nc4 Bf6 52. Kc3 Kc8 53.
Kb4 Bg7 54. Ka5 Kb7 55. Kb4 Kc8 56. Nb6+ Kb7 57. Nc4 Kc8 58. Nb2 Bf6 59. Nd3
Kb8 60. Ka4 Kc8 61. Nb2 Kb8 62. Nc4 Kc8 63. Ka5 Kb7 64. Nb6 Bd8 65. d7 Bf6 66.
Kb4 Kc7 67. Kc4 h4 68. h3 Bg7 69. Kb4 Bf6 70. Ka5 Be7 71. Kb4 Bf6 72. Kc3 Be7
73. Nc4 Bf8 74. Kd3 Bg7 75. Nb6 Bf6 76. Kc4 Be7 77. Kb4 Bf8 78. Nc4 Bg7 79. Ka5
Kxd7 80. Kb6 Bf6 81. Kb7 Bg7 82. Nb6+ Ke6 83. Kxc6 Bf8 84. Na4 Be7 85. Kc7 1-0

[Event "12. OSIJEK OPEN"]
[Site "Osijek"]
[Date "2019.02.24"]
[Round "7.28"]
[White "Raguz, Ivanka"]
[Black "Fures, Ivica"]
[Result "0-1"]
[WhiteElo "1669"]
[BlackElo "1871"]
[PlyCount "66"]
[EventDate "2019.02.21"]

1. e4 Nc6 2. d4 e5 3. d5 Nce7 4. Nf3 Ng6 5. Be2 Bc5 6. O-O d6 7. Nc3 a6 8. Na4
Ba7 9. c4 Bd7 10. b4 b5 11. cxb5 axb5 12. Nc3 Rb8 13. Bd3 Nf6 14. Qe2 O-O 15.
Bg5 Qe8 16. Rac1 h6 17. Be3 Nf4 18. Bxf4 exf4 19. h3 Nh5 20. Kh2 f6 21. Nb1 Rb7
22. Nbd2 g5 23. Nb3 g4 24. hxg4 Bxg4 25. Na5 Ng3 26. fxg3 Qh5+ 27. Nh4 Bxe2 28.
Bxe2 fxg3+ 29. Kh3 Qxe2 30. Nxb7 h5 31. Rf4 Be3 32. Rxc7 Bxf4 33. Nf3 Qf1 0-1

[Event "12. OSIJEK OPEN"]
[Site "Osijek"]
[Date "2019.02.24"]
[Round "7.30"]
[White "Vurdelja, Slavko"]
[Black "Perci, Franjo"]
[Result "1-0"]
[WhiteElo "1840"]
[BlackElo "1662"]
[PlyCount "39"]
[EventDate "2019.02.21"]

1. e4 g6 2. d4 Bg7 3. f4 e6 4. Nf3 Ne7 5. Nc3 d5 6. Be2 b6 7. e5 c5 8. Nb5 O-O
9. c3 Nf5 10. O-O a6 11. Na3 c4 12. Nc2 Nc6 13. Qe1 b5 14. g4 Nh6 15. h3 f6 16.
exf6 Bh8 17. f5 Nxf5 18. gxf5 exf5 19. Ne5 Qxf6 20. Bf3 {dalje je nejasno
pisano. Pertija zavrsena nakon 58.poteza.} 1-0

[Event "12. OSIJEK OPEN"]
[Site "Osijek"]
[Date "2019.02.24"]
[Round "7.31"]
[White "Pergar, Lovro"]
[Black "Biljcevic, Miodrag"]
[Result "1/2-1/2"]
[WhiteElo "1347"]
[BlackElo "1741"]
[PlyCount "34"]
[EventDate "2019.02.21"]

1. e4 d5 2. exd5 Qxd5 3. Nc3 Qa5 4. d4 c6 5. Nf3 Nf6 6. Bd3 Bg4 7. Bd2 Qc7 8.
Qe2 Nbd7 9. O-O-O e6 10. h3 Bxf3 11. Qxf3 O-O-O 12. Bf4 Bd6 13. Bxd6 Qxd6 14.
Ne4 Nxe4 15. Bxe4 Nf6 16. Rd3 Nxe4 17. Qxe4 Qd5 1/2-1/2

[Event "12. OSIJEK OPEN"]
[Site "Osijek"]
[Date "2019.02.24"]
[Round "7.33"]
[White "Horvat, Denis"]
[Black "Galonja, Igor"]
[Result "0-1"]
[WhiteElo "1592"]
[BlackElo "1856"]
[PlyCount "50"]
[EventDate "2019.02.21"]

1. e4 d5 2. exd5 Nf6 3. d4 Nxd5 4. c4 Nf6 5. Nf3 e6 6. Nc3 Be7 7. Bd3 Nc6 8.
Be3 O-O 9. O-O b6 10. a3 e5 11. Nxe5 Bb7 12. Nb5 Nxe5 13. dxe5 Nd7 14. Bf4 Nc5
15. Bc2 Qe8 16. Nxc7 Qc6 17. Qg4 Qxc7 18. Rfe1 g6 19. h4 h5 20. Qg3 Kg7 21.
Rad1 Qc6 22. Bg5 Bxg5 23. Qxg5 f5 24. exf6+ Rxf6 25. Rd4 Raf8 {daljnji zapis
je potpuno nejasan, partija je zavrsena u 33.potezu.} 0-1

[Event "12. OSIJEK OPEN"]
[Site "Osijek"]
[Date "2019.02.24"]
[Round "7.34"]
[White "Pralija, Marin"]
[Black "Juric, Ester"]
[Result "0-1"]
[WhiteElo "1693"]
[BlackElo "1557"]
[PlyCount "76"]
[EventDate "2019.02.21"]

1. e4 c5 2. d3 d6 3. g3 Nf6 4. h3 g6 5. Bg2 Bg7 6. c3 Nc6 7. Ne2 e6 8. O-O O-O
9. Be3 Qc7 10. f4 b6 11. Nd2 Bb7 12. Nf3 Rfe8 13. Qc2 Rac8 14. Rac1 Qb8 15. Qd2
a6 16. b3 b5 17. Ne1 Ne7 18. g4 c4 19. bxc4 bxc4 20. Rb1 Qa8 21. Ng3 cxd3 22.
Qxd3 d5 23. e5 Nd7 24. Nf3 Nc5 25. Bxc5 Rxc5 26. f5 exf5 27. gxf5 Nc6 28. fxg6
fxg6 29. Qe3 Rb5 30. e6 d4 31. cxd4 Nxd4 32. Qd3 Nxf3+ 33. Bxf3 Rxb1 34. Rxb1
Bxf3 35. Rf1 Bd5 36. Re1 Rxe6 37. Rxe6 Bxe6 38. Qd6 Bf7 0-1

[Event "12. OSIJEK OPEN"]
[Site "Osijek"]
[Date "2019.02.24"]
[Round "7.35"]
[White "Gnjajic, Blagoja"]
[Black "Topalic, Fran"]
[Result "0-1"]
[WhiteElo "1663"]
[BlackElo "1504"]
[PlyCount "186"]
[EventDate "2019.02.21"]

1. e4 e5 2. Nc3 Nc6 3. Bc4 Bc5 4. Nf3 d6 5. h3 Nf6 6. d3 h6 7. a3 a6 8. Be3 Nd4
9. Nd5 O-O 10. c3 Nxf3+ 11. Qxf3 Bxe3 12. Nxe3 Be6 13. Nd5 c6 14. Nxf6+ Qxf6
15. Qxf6 gxf6 16. O-O f5 17. f3 fxe4 18. fxe4 Bxc4 19. dxc4 Rad8 20. Rf6 Kg7
21. Rf3 d5 22. cxd5 cxd5 23. exd5 Rxd5 24. b4 e4 25. Rg3+ Kh7 26. c4 Rd4 27. c5
Re8 28. Ra2 e3 29. Kf1 Rd2 30. Rxe3 Rxg2 31. Rxe8 Rxa2 32. Re7 Kg7 33. Rxb7
Rxa3 34. Rb6 h5 35. c6 h4 36. b5 axb5 37. Rxb5 Rc3 38. Rb6 Rxh3 39. c7 Rc3 40.
Kg2 Rxc7 41. Kh3 Rc4 42. Rb5 Kg6 43. Rb2 f5 44. Rg2+ Kh5 45. Rg8 Rc3+ 46. Kh2
Rc4 47. Kh3 Rg4 48. Rh8+ Kg5 49. Rg8+ Kf4 50. Ra8 Kf3 51. Ra5 Kf4 52. Rb5 Kg5
53. Rb8 Rg3+ 54. Kh2 Re3 55. Rg8+ Kf4 56. Rh8 h3 57. Rh4+ Ke5 58. Rh8 Ke4 59.
Re8+ Kd3 60. Rf8 Rf3 61. Re8 f4 62. Re6 Re3 63. Rf6 Ke4 64. Rf8 Rg3 65. Re8+
Kf3 66. Re7 Rg8 67. Ra7 Rg3 68. Rb7 Kf2 69. Rb4 Rf3 70. Rb2+ Ke3 71. Rb3+ Ke4
72. Rb4+ Kf5 73. Rb8 Rd3 74. Re8 Kg4 75. Rg8+ Kf3 76. Kxh3 Kf2+ 77. Kh2 f3 78.
Ra8 Ke1 79. Re8+ Kf2 80. Ra8 Ke2 81. Rf8 Kf1 82. Ra8 f2 83. Ra1+ Ke2 84. Kg2
Rd2 85. Rf1 Ke3 86. Rh1 Rd8 87. Rf1 Rg8+ 88. Kh2 Ke2 89. Ra1 f1=Q 90. Ra2+ Kd3
91. Ra3+ Kc4 92. Rc3+ Kd4 93. Rf3 Qg2# 0-1

[Event "12. OSIJEK OPEN"]
[Site "Osijek"]
[Date "2019.02.24"]
[Round "7.36"]
[White "Baturina, Marin"]
[Black "Rogulja, Nikola"]
[Result "1-0"]
[WhiteElo "1623"]
[BlackElo "1352"]
[PlyCount "29"]
[EventDate "2019.02.21"]

1. d4 d5 2. c4 c6 3. cxd5 cxd5 4. Bf4 Bf5 5. Qb3 Qd7 6. Bxb8 Rxb8 7. e4 Qe6 8.
Qa4+ Kd8 9. Qa5+ Kc8 10. Nd2 Bxe4 11. Rc1+ Kd7 12. Qc7+ Ke8 13. Qxb8+ Kd7 14.
Qc8+ Kd6 15. Qc7# 1-0

[Event "12. OSIJEK OPEN"]
[Site "Osijek"]
[Date "2019.02.24"]
[Round "7.38"]
[White "Mandaric, Fran"]
[Black "Dankos, Mislav"]
[Result "1-0"]
[WhiteElo "1653"]
[BlackElo "1362"]
[PlyCount "33"]
[EventDate "2019.02.21"]

1. e4 e5 2. Nf3 Nc6 3. Bc4 Bc5 4. O-O Nf6 5. d4 exd4 6. e5 Ng4 7. h3 Ngxe5 8.
Nxe5 Nxe5 9. Re1 f6 10. Qh5+ g6 11. Rxe5+ Be7 12. Qf3 Rf8 13. Bh6 fxe5 14. Bxf8
Bf6 15. Bg7 d5 16. Bxf6 Qd6 17. Bxd5 1-0

[Event "12. OSIJEK OPEN"]
[Site "Osijek"]
[Date "2019.02.24"]
[Round "7.40"]
[White "Juric, Mia Ivona"]
[Black "Zivkovic, Mihael"]
[Result "1-0"]
[WhiteElo "1152"]
[BlackElo "1195"]
[PlyCount "41"]
[EventDate "2019.02.21"]

1. e4 e5 2. Nf3 Nc6 3. Nc3 Bc5 4. Bc4 d6 5. O-O Bg4 6. Be2 Nf6 7. d3 Qd7 8. a3
Nd4 9. Nxd4 Bxd4 10. Nd5 Bxe2 11. Qxe2 Nxd5 12. exd5 f5 13. Be3 Bxe3 14. Qxe3
a6 15. c4 f4 16. Qe2 O-O-O 17. Rac1 Kb8 18. c5 g5 19. c6 Qg7 20. d4 b6 21. Qxa6
1-0

[Event "12. OSIJEK OPEN"]
[Site "Osijek"]
[Date "2019.02.24"]
[Round "7.41"]
[White "Mandaric, Duje"]
[Black "Markovic, Marko"]
[Result "0-1"]
[WhiteElo "1045"]
[BlackElo "1489"]
[PlyCount "72"]
[EventDate "2019.02.21"]

1. e4 c5 2. Nc3 Nc6 3. f4 g6 4. Nf3 Bg7 5. Bb5 Nd4 6. Bd3 e6 7. e5 Nxf3+ 8.
Qxf3 a6 9. b3 Ne7 10. Bb2 O-O 11. O-O Rb8 12. Na4 Qc7 13. c4 b5 14. Nc3 bxc4
15. Bxc4 Bb7 16. Qe2 Qc6 17. Rf2 Nf5 18. Bd3 Nd4 19. Qe4 Qc7 20. Qe3 d6 21.
exd6 Qxd6 22. Be4 f5 23. Bxb7 Rxb7 24. Qd3 Rd7 25. Qc4 Nb5 26. Rb1 Bd4 27. Nxb5
axb5 28. Qxb5 Bxf2+ 29. Kxf2 Qxd2+ 30. Kf1 Qxf4+ 31. Kg1 Qe3+ 32. Kh1 Rfd8 33.
h3 Rd1+ 34. Rxd1 Rxd1+ 35. Kh2 Qf4+ 36. g3 Qf2# 0-1